000 00696nam a2200181 a 4500
008 120416s1990 ||||||||||||||||| || u
020 _a0821317083
050 _aIBRD(02)
110 _aWorld Bank
245 1 3 _aAn agricultural strategy for Poland
246 _areport of the Polish, European Community, World Bank task force
260 _aWashington, D.C.
_bWorld Bank
_c1990
300 _aviii, 327p. : ill.
350 _a0.00
650 _aRural development - Government policy - Poland
650 _aAGRICULTURE AND STATE--POLAND
995 _D0.00
_FCBU-MAIN LIBRARY (Kitwe)
_H1
_I0.00
_M1
_UAVAILABLE
_ZAnnex Low-Usage Collection
999 _c33949
_d33949